000 01292nam a2200337 a 4500
001 ebr10574646
003 CaPaEBR
006 m u
007 cr cn|||||||||
008 070719s2006 za sb 001 0 eng d
010 _z 2007383613
020 _z9982240455
020 _z9789982240451
020 _z9789982240574 (e-book)
040 _aCaPaEBR
_cCaPaEBR
035 _a(OCoLC)801413561
043 _af-za---
050 1 4 _aDT3058.T65
_bC65 2006eb
100 1 _aColson, Elizabeth,
_d1917-
245 1 0 _aTonga religious life in the twentieth century
_h[electronic resource] /
_cElizabeth Colson.
260 _aLusaka, Zambia :
_bBookworld Publishers,
_c2006.
300 _axii, 303 p.
504 _aIncludes bibliographical references and indexes.
533 _aElectronic reproduction.
_bPalo Alto, Calif. :
_cebrary,
_d2011.
_nAvailable via World Wide Web.
_nAccess may be limited to ebrary affiliated libraries.
650 0 _aTonga (Zambezi people)
_xReligion.
650 0 _aTonga (Zambezi people)
_xSocial life and customs.
650 0 _aEthnology
_zZambia.
655 7 _aElectronic books.
_2local
710 2 _aebrary, Inc.
856 4 0 _uhttp://site.ebrary.com/lib/rucke/Doc?id=10574646
_zAn electronic book accessible through the World Wide Web; click to view
999 _c182735
_d182735